| 000 | 00378nam a2200145 a 4500 | ||
|---|---|---|---|
| 001 | 2893 | ||
| 003 | CDMR | ||
| 005 | 20130116135236.0 | ||
| 008 | 130130s1998||||||||||||||||||||||||||||d | ||
| 040 |
_aCDMR _bcat _cCPC LLEIDA |
||
| 100 | 1 |
_aGatius, Sònia _92128 |
|
| 245 | 1 | 0 |
_aMinorías étnicas en Lleida _cGATIUS, Sònia, ROCHA, Patrícia |
| 260 |
_aLleida _c1998 _bUdL |
||
| 942 | _cMON | ||
| 999 |
_c2893 _d2893 |
||